000
00405nam a2200133Ia 4500
008
151001s9999||||xx |||||||||||||| ||und||
100
_a
संजय बोरुडे
245
_a
सिस्टीमँटिक रिव्हेंज
250
_a
1
260
_b
"प्राजक्त प्रकाशन, पुणे "
260
_c
2006
300
_a
128
365
_b
21
999
_c
996426
_d
996423